Statistiken für Alle Minderheiten Portugals

Klicken Sie hier um das Quiz zu spielen!

Allgemein

  • Dieses Quiz wurde 44 mal gespielt
  • Das Durchschnittsergebnis liegt bei 13 aus 20

Antwortstatistiken

BevölkerungLand% Korrekt
15,848Spanien
95%
151,304Brasilien
90%
14,669Deutschland
90%
23,125Frankreich
90%
27,839China
85%
17,619Indien
83%
25,408Italien
80%
34,358Vereinigtes Königreich
78%
22,691Angola
73%
37,436Kap Verde
65%
29,718Ukraine
63%
10,038Niederlande
60%
31,065Rumänien
58%
6,839Bulgarien
48%
5,310Pakistan
48%
10,241Sao Tome und Principe
45%
18,886Guinea-Bissau
40%
6,551Venezuela
38%
7,964Bangladesch
30%
16,849Nepal
18%

Verteilung der Resultate

Perzentil nach korrekt beantworteten Fragen

Anzahl Personen mit jedem Resultat

Ihre Resultats-Entwicklung

Sie haben dieses Quiz noch nicht gespielt